|
|
|
|
| LEADER |
00000nab a2200000 a 4500 |
| 001 |
vtls009942245 |
| 003 |
SK-MaSNL |
| 005 |
20260304152212.0 |
| 008 |
250506 1958 xo | |||| ||00 b slo |
| 015 |
|
|
|a SNBRB2009/08
|2 snkbucl
|
| 035 |
|
|
|a urn:nbn:sk:snk-ab7qhz
|
| 035 |
|
|
|a (urnnbn)urn:nbn:sk:snk:ar-001vn8
|
| 035 |
|
|
|a (uuid)a882c29c-326e-48a8-8326-a57d0f50786a
|
| 038 |
|
|
|a SNKBUCL
|
| 040 |
|
|
|a SNKBUCL
|b slo
|c SNKBUCL
|e AACR2
|
| 041 |
0 |
|
|a cze
|
| 044 |
|
|
|a xo
|c SK
|
| 080 |
|
|
|a 78.072
|2 2001
|
| 080 |
|
|
|a 929 Nejedlý, Zdeněk
|2 2001
|
| 100 |
1 |
|
|a Paclt, Jaromír,
|d 1927-1994
|4 aut
|9 61958
|
| 245 |
1 |
0 |
|a Síla osobnosti a vědy
|b (k osmdesátinám Zdenka Nejedlého)
|c Jaromír Paclt
|
| 600 |
1 |
7 |
|a Nejedlý, Zdeněk,
|d 1878-1962
|2 snkbucl
|9 114414
|
| 655 |
|
7 |
|a profily
|2 snkbucl
|9 341977
|
| 773 |
0 |
|
|t Slovenská hudba
|g Roč. II, č. 2 (1958), s. 46-48
|
| 850 |
|
|
|a Slovenská národná knižnica
|
| 852 |
|
|
|a Slovenská národná knižnica
|
| 958 |
|
|
|a article9
|
| 958 |
|
|
|a OND
|
| 958 |
|
|
|a BC
|
| 958 |
|
|
|a CZ
|
| 958 |
|
|
|a EUIPO
|
| 999 |
|
|
|c 2947721
|d 2949651
|